Statistics for Countries with embassies and consulates in Madagascar

Click here to take the quiz!

General Stats

  • This quiz has been taken 42 times
  • The average score is 17 of 21

Answer Stats

ContinentCountry% Correct
AsiaChina
100%
AfricaSouth Africa
100%
North AmericaUnited States of America
100%
EuropeFrance
97%
Asia/ EuropeRussia
97%
EuropeUnited Kingdom
97%
EuropeGermany
95%
AsiaIndia
95%
Asia/ EuropeTurkey
95%
AsiaJapan
92%
AfricaEgypt
86%
AsiaIndonesia
81%
AfricaLibya
73%
EuropeSwitzerland
73%
AfricaAlgeria
68%
AsiaIran
68%
AfricaMorocco
68%
AfricaMauritius
65%
EuropeVatican City
54%
AfricaComoros
51%
EuropeNorway
46%

Score Distribution

Percentile by Number Answered

Percent of People with Each Score

Your Score History

You have not taken this quiz